Los hongos alucinantes /
Obra en la que el antropólogo mexicano Fernando Benítez (1912-2000) escribe sobre la historia de los hongos alucinógenos utilizados en rituales de las culturas indígenas. En esta obra hace mención de dos importantes nombres y su influencia en la historia de los hongos: Gordon Wesson y María Sabina.
Guardat en:
| Autor principal: | |
|---|---|
| Format: | Llibre |
| Idioma: | espanyol |
| Publicat: |
México :
Era,
1969, c1964
|
| Edició: | 2a edición |
| Col·lecció: | (Serie Popular Era ;
2) |
| Matèries: | |
| Etiquetes: |
Sense etiquetes, Sigues el primer a etiquetar aquest registre!
|
MARC
| LEADER | 00000nam^a2200000^a^4500 | ||
|---|---|---|---|
| 001 | 000591532 | ||
| 005 | 20250521000000.0 | ||
| 009 | 20260310132930.691 | ||
| 037 | |a Acervo Xavier Clavigero | ||
| 041 | |a ESP | ||
| 082 | |a 306. 1 |b BEN | ||
| 100 | |a Benítez, Fernando |e (autor) | ||
| 245 | 1 | 4 | |a Los hongos alucinantes / |c F. Benítez. |
| 250 | |a 2a edición | ||
| 264 | 4 | |a México : |b Era, |c 1969, c1964 | |
| 300 | |a 125 p. | ||
| 336 | |a texto |b txt |2 rdacontenido | ||
| 337 | |a sin mediación |b n |2 rdamedio | ||
| 338 | |a volumen |b nc |2 rdasoporte | ||
| 440 | 1 | |a (Serie Popular Era ; |v 2) | |
| 520 | |a Obra en la que el antropólogo mexicano Fernando Benítez (1912-2000) escribe sobre la historia de los hongos alucinógenos utilizados en rituales de las culturas indígenas. En esta obra hace mención de dos importantes nombres y su influencia en la historia de los hongos: Gordon Wesson y María Sabina. | ||
| 649 | |a XX | ||
| 650 | |a Mazatecas | ||
| 650 | |a Mujeres Mexicanas | ||
| 650 | |a Indígenas de México - |x Condiciones Sociales y Culturales | ||
| 650 | |a Hongos - |x Aspectos Sociales y Culturales | ||
| 650 | |a Alucinógenos - |x Aspectos Sociales y Culturales | ||
| 650 | |a Chamanismo - |z México | ||
| 650 | |a Medicina Popular - |z México | ||
| 650 | |a Religión | ||
| 650 | |a Mitología | ||
| 650 | |a Prácticas Culturales - |z México | ||
| 650 | |a Antropología Cultural | ||
| 600 | |a María Sabina | ||
| 910 | |a Fondo General | ||
| 920 | |a Impresos - Libros | ||
| 930 | |a Colección General | ||
| 905 | |a 101 | ||
| 901 | |a 016071 |b IT1 |c ACC |i 16071 |u 20250521 | ||
| 902 | |a https://opac.biblio.iteso.mx/vufind/Record/000591532 | ||